[Event "AUTO-INT-3685"]
[Site "http://www.queenalice.com/game.php?id=1764196"]
[Date "2021.7.11"]
[Round "1"]
[White "SCORPION77"]
[Black "Clemente09"]
[Result "0-1"]
[WhiteElo "1680"]
[BlackElo "1479"]

1. e4 e5 2. Nf3 f5 3. d3 d5 4. exd5 Qxd5 5. Qe2 e4 6. dxe4 fxe4 7. Nfd2 Bb4 8.
c3 Ba5 9. Qxe4+ Ne7 10. Bc4 Qc5 11. Nb3 Qh5 12. Nxa5 Qxa5 13. O-O Bf5 14. Qe3
Nd7 15. Re1 Ne5 16. Qxe5 Qxe5 17. Rxe5 Rd8 18. Bg5 Rd1+ 19. Bf1 Bd3 20. Rxe7+
Kf8 21. g3 Bxf1 22. Rxc7 Bh3# 0-1

[Event "AUTO-INT-3685"]
[Site "http://www.queenalice.com/game.php?id=1764197"]
[Date "2021.7.11"]
[Round "1"]
[White "Clemente09"]
[Black "SCORPION77"]
[Result "1-0"]
[WhiteElo "1465"]
[BlackElo "1656"]

1. e4 e5 2. Qh5 Qf6 3. d4 exd4 4. e5 Qe6 5. Nf3 c5 6. Ng5 Qxe5+ 7. Be2 Qd5 8.
Bf3 Qe5+ 9. Be2 g6 10. Qh4 Qe7 11. Qg4 Nf6 12. Qg3 Ne4 13. Nxe4 Qxe4 14. Nd2 Qe7
15. Nc4 d6 16. Nxd6+ Qxd6 17. Bf4 Qe6 18. Be5 Rg8 19. Bb5+ Nd7 20. O-O-O a6 21.
Ba4 b5 22. Rde1 bxa4 23. Bxd4 Qxe1+ 24. Rxe1+ Kd8 25. Bc3 Be7 26. Ba5+ Ke8 27.
Qe3 Kf8 28. Qxe7+ Kg7 29. Bc3+ Kh6 30. Qh4# 1-0

[Event "AUTO-INT-3685"]
[Site "http://www.queenalice.com/game.php?id=1764198"]
[Date "2021.7.11"]
[Round "1"]
[White "SCORPION77"]
[Black "akleetch"]
[Result "0-1"]
[WhiteElo "1636"]
[BlackElo "1854"]

1. e4 e5 2. Nf3 Nc6 3. Bb5 Nge7 4. d3 h6 5. Nc3 a6 6. Ba4 b5 7. Bb3 Ng6 8. a3
Bc5 9. Qe2 Nce7 10. h3 c6 11. Be3 Bb6 12. Bxb6 Qxb6 13. O-O Nf4 14. Qd2 O-O 15.
Nxe5 Neg6 16. Nxg6 Nxg6 17. Rae1 Bb7 18. d4 Rad8 19. e5 c5 20. dxc5 Qxc5 21. Qe3
Qc7 22. Bd5 Bc8 23. f4 Rfe8 24. Be4 Nf8 25. Bd3 d6 26. Qe4 Re6 27. Nd5 Qc5+ 28.
Kh1 Bb7 29. b4 Qxd5 30. Qxd5 Bxd5 31. exd6 Rdxd6 32. f5 Rf6 33. Kh2 Nh7 34. Rf4
Ng5 35. h4 Nh7 36. Re5 g6 37. Rg4 Kf8 38. fxg6 fxg6 39. Rd4 Bc6 40. Rxd6 Rxd6
41. Re2 Kf7 42. Re3 Nf6 43. Rg3 Nh5 44. Re3 Nf4 45. Rg3 g5 46. hxg5 hxg5 47. Bf1
Kf6 48. Rc3 Be4 49. g3 Nd5 50. Rc8 Ne3 51. Re8 Nxf1+ 52. Kh3 Bf5+ 53. Kg2 Nd2
54. Rc8 Nc4 55. a4 Bxc8 56. Kf3 bxa4 0-1

[Event "AUTO-INT-3685"]
[Site "http://www.queenalice.com/game.php?id=1764199"]
[Date "2021.7.11"]
[Round "1"]
[White "akleetch"]
[Black "SCORPION77"]
[Result "1-0"]
[WhiteElo "1826"]
[BlackElo "1635"]

1. e4 e5 2. Nc3 Nf6 3. a3 a6 4. Bc4 Nc6 5. Nf3 h6 6. d4 exd4 7. Nxd4 Nxd4 8.
Qxd4 b6 9. h3 Bc5 10. Qe5+ Be7 11. Bd5 d6 12. Qg3 Rb8 13. O-O Bb7 14. Qxg7 Kd7
15. Qxf7 Bxd5 16. Nxd5 Nxd5 17. exd5 Qf8 18. Qe6+ Kd8 19. f4 Qg7 20. f5 Bf6 21.
c3 Re8 22. Bxh6 Qxh6 23. Qf7 Rf8 24. Qe6 Bd4+ 25. cxd4 Qg7 26. f6 Qf7 27. Rae1
Qg6 28. Qe7+ Kc8 29. f7 Kb7 30. Qd7 Rbd8 31. Qc6+ Kc8 32. Re7 Qg5 33. Qa8# 1-0

[Event "AUTO-INT-3685"]
[Site "http://www.queenalice.com/game.php?id=1764200"]
[Date "2021.7.11"]
[Round "1"]
[White "SCORPION77"]
[Black "NickThorp"]
[Result "0-1"]
[WhiteElo "1624"]
[BlackElo "1594"]

1. e4 e5 2. Nf3 Nc6 3. Bb5 a6 4. Bxc6 dxc6 5. d3 Bg4 6. h3 Bxf3 7. Qxf3 h6 8. a3
Nf6 9. b4 b5 10. Nc3 Qd4 11. Bd2 Be7 12. O-O O-O 13. Ne2 Qb6 14. Be3 Qb7 15. Qg3
Nh5 16. Qg4 Nf4 17. Nxf4 exf4 18. Bxf4 Bg5 19. Bxg5 hxg5 20. Qxg5 f6 21. Qc5
Rad8 22. Rfe1 Rfe8 23. Rac1 Re5 24. Qc3 Qb6 25. Rcd1 Rde8 26. Kf1 Qb8 27. Qxc6
R5e6 28. Qd5 Kh8 29. f3 c6 30. Qh5+ Kg8 31. Qg4 Qh2 32. f4 Kf7 33. f5 R6e7 34.
Kf2 Qd6 35. Qg6+ Kg8 36. Re3 Qf4+ 37. Rf3 Qe5 38. Rg3 Qd4+ 39. Ke1 Qg1+ 40. Kd2
Qf2+ 41. Kc1 Qf4+ 42. Kb1 Qe5 43. Rg4 c5 44. bxc5 Qxc5 45. Ka2 Qxc2+ 46. Ka1
Qxd1+ 47. Kb2 Qxd3 48. Qxf6 a5 49. Qc3 Qe2+ 50. Qc2 Qe3 51. Qb3+ Qxb3+ 52. Kxb3
Rxe4 53. Rg5 Re3+ 54. Kb2 Rd8 55. f6 Rd2+ 56. Kc1 Ree2 57. Rxg7+ Kf8 58. g3 Rh2
59. Ra7 Rdg2 60. Rxa5 Kf7 61. Rxb5 Kxf6 62. a4 Rg1# 0-1

[Event "AUTO-INT-3685"]
[Site "http://www.queenalice.com/game.php?id=1764201"]
[Date "2021.7.11"]
[Round "1"]
[White "NickThorp"]
[Black "SCORPION77"]
[Result "0-1"]
[WhiteElo "1533"]
[BlackElo "1629"]

1. e4 e5 2. Nf3 d6 3. Bb5+ Bd7 4. Bxd7+ Qxd7 5. O-O Nf6 6. d3 h6 7. Nc3 Nc6 8.
Be3 Be7 9. Nd5 Nxd5 10. Bd2 O-O-O 11. h3 Nf6 12. a3 Kb8 13. Be3 d5 14. exd5 Nxd5
15. Qd2 Nxe3 16. Qxe3 Bf6 17. Rfe1 Rhe8 18. c4 Qe7 19. b4 e4 20. dxe4 Bxa1 21.
Rxa1 Qxe4 22. Qc5 Qe7 23. Qf5 Qd7 24. Qc5 Qd6 25. Qxd6 Rxd6 26. c5 Rd3 27. Kh2
Ne5 28. Nxe5 Rxe5 29. f3 Re2 30. Kg3 Rd5 31. Kf4 Rxg2 32. h4 Rh5 33. Rh1 g5+ 34.
Ke3 gxh4 35. f4 h3 36. Kf3 f5 37. a4 Rg4 38. b5 Rhh4 39. Ke3 Rxf4 40. Rxh3 Rxa4
41. Rxh4 Rxh4 42. Kf3 Rc4 43. c6 bxc6 44. bxc6 a5 45. Ke3 a4 46. Kd3 Rxc6 0-1

[Event "AUTO-INT-3686"]
[Site "http://www.queenalice.com/game.php?id=1764405"]
[Date "2021.7.15"]
[Round "1"]
[White "SCORPION77"]
[Black "Nigel68"]
[Result "0-1"]
[WhiteElo "1632"]
[BlackElo "1723"]

1. e4 e5 2. Nf3 Nc6 3. Bb5 d6 4. Bxc6+ bxc6 5. d3 h6 6. Nc3 Be6 7. h3 d5 8. Nxe5
Qd6 9. Bf4 Qb4 10. Qc1 Qb7 11. O-O Nf6 12. Re1 Bd6 13. Nxf7 Bxf7 14. e5 O-O-O
15. exd6 cxd6 16. Re2 Qb4 17. Bd2 Rhf8 18. Nxd5 Qb7 19. Nxf6 gxf6 20. Bc3 c5 21.
Bxf6 Rg8 22. g3 Rdf8 23. Re3 Bxa2 24. Rxa2 Rxf6 25. f4 Rxf4 26. Kh2 Rf2+ 27. Kg1
Qg2# 0-1

[Event "AUTO-INT-3686"]
[Site "http://www.queenalice.com/game.php?id=1764406"]
[Date "2021.7.15"]
[Round "1"]
[White "Nigel68"]
[Black "SCORPION77"]
[Result "1-0"]
[WhiteElo "1762"]
[BlackElo "1653"]

1. e4 e5 2. Bc4 h6 3. Qh5 Qe7 4. Nf3 d6 5. d3 Nf6 6. Qh4 Bg4 7. Nfd2 Be6 8. O-O
a6 9. Nc3 b5 10. Bxe6 Qxe6 11. Qg3 Nc6 12. h3 Nd4 13. b3 Nxc2 14. Rb1 Nb4 15.
Rd1 Nh5 16. Qf3 Qf6 17. Qxh5 Nxd3 18. Nf3 Nxc1 19. Rbxc1 c5 20. Nd5 Qd8 21. Nh4
g6 22. Nxg6 fxg6 23. Qxg6+ Kd7 24. Qf5+ Kc6 25. Nf6 Be7 26. Ng4 Bg5 27. Nxe5+
Kb7 28. Nf7 Qf8 29. Nxd6+ Kb6 30. Qxc5+ Ka5 31. Nc4# 1-0

[Event "AUTO-INT-3686"]
[Site "http://www.queenalice.com/game.php?id=1764407"]
[Date "2021.7.15"]
[Round "1"]
[White "SCORPION77"]
[Black "Josecso2007"]
[Result "0-1"]
[WhiteElo "1641"]
[BlackElo "1768"]

1. e4 e5 2. Nf3 d6 3. Bc4 h6 4. h3 Nf6 5. d3 Nc6 6. Nc3 Na5 7. Bb5+ c6 8. Ba4
Be7 9. O-O O-O 10. Bd2 d5 11. Qe1 d4 12. Ne2 b5 13. Bb3 Qc7 14. Bxa5 Qd6 15. a3
Bb7 16. Bb4 c5 17. Bd2 Rac8 18. Ng3 c4 19. dxc4 bxc4 20. Nf5 Qe6 21. Ba2 Bxe4
22. Ng3 Bxf3 23. gxf3 Bd6 24. c3 Qxh3 25. Qe2 d3 26. Qe3 Rfe8 27. Rfd1 e4 28.
fxe4 Ng4 29. Qf3 Qh2+ 30. Kf1 Qh4 31. Nf5 Nh2+ 32. Kg2 Nxf3 33. Nxh4 Nxh4+ 34.
Kf1 Rxe4 35. Re1 Nf3 36. Rxe4 Nxd2+ 37. Ke1 Nxe4 38. f3 Ng5 39. Kf2 Rc5 40. Re1
a5 41. Re8+ Kh7 42. Rd8 Bc7 43. Rd4 Rf5 44. Bxc4 Rxf3+ 45. Ke1 Bg3+ 46. Kd2 Bf4+
47. Ke1 Be3 48. Bxd3+ g6 49. Rd5 a4 50. Ra5 Nh3 51. Rxa4 Nf4 52. Be2 Rh3 53. Bf1
Rh2 54. b3 Nd3+ 55. Kd1 Nb2+ 56. Ke1 Bd2# 0-1

[Event "AUTO-INT-3686"]
[Site "http://www.queenalice.com/game.php?id=1764408"]
[Date "2021.7.15"]
[Round "1"]
[White "Josecso2007"]
[Black "SCORPION77"]
[Result "0-1"]
[WhiteElo "1875"]
[BlackElo "1627"]

1. e4 e5 2. Nf3 d6 3. Bc4 h6 4. c3 Qf6 5. h3 a6 6. O-O Nc6 7. Bd5 Nce7 8. Bc4 b5
9. Bb3 Nc6 10. Bd5 Bd7 11. Re1 Nge7 12. Bxc6 Bxc6 13. d3 Ng6 14. d4 exd4 15.
Nxd4 Bb7 16. Nd2 Be7 17. N2f3 O-O 18. Qc2 Rfe8 19. Qb3 c5 20. Nf5 c4 21. Qc2 Nf4
22. Bxf4 Bd8 23. e5 dxe5 24. Bxe5 Qg6 25. N5h4 Qxc2 26. Rab1 Qd3 27. Rbd1 Qh7
28. Rd4 Bb6 29. Rf4 g5 30. Rg4 Bxf3 31. Nxf3 Re7 32. h4 Qf5 33. Ree4 f6 0-1

[Event "AUTO-INT-3686"]
[Site "http://www.queenalice.com/game.php?id=1764409"]
[Date "2021.7.15"]
[Round "1"]
[White "SCORPION77"]
[Black "NeeneNY"]
[Result "0-1"]
[WhiteElo "1592"]
[BlackElo "1454"]

1. e4 e5 2. Nf3 d6 3. h3 Nf6 4. Bc4 h6 5. d3 Qd7 6. Nc3 Be7 7. O-O O-O 8. Be3 c6
9. a3 c5 10. Re1 a6 11. b3 b5 12. Bd5 Bb7 13. Bxb7 Qxb7 14. b4 a5 15. bxc5 Nc6
16. cxd6 Bxd6 17. Qb1 b4 18. axb4 axb4 19. Rxa8 Qxa8 20. Ne2 Rd8 21. Qb3 Rd7 22.
Qc4 Na5 23. Qa2 g5 24. Bb6 g4 25. hxg4 Nxg4 26. Qxa5 Qxa5 27. Bxa5 Bc5 28. Rf1
f5 29. exf5 Ra7 30. Bd8 Bxf2+ 31. Rxf2 Nxf2 32. Kxf2 Ra2 33. Ne1 h5 34. Bf6 Ra5
35. Nf3 Kf7 36. Bxe5 Rc5 37. Ned4 b3 38. Nxb3 Rxc2+ 39. Kg3 Rd2 0-1

[Event "AUTO-INT-3686"]
[Site "http://www.queenalice.com/game.php?id=1764410"]
[Date "2021.7.15"]
[Round "1"]
[White "NeeneNY"]
[Black "SCORPION77"]
[Result "1-0"]
[WhiteElo "1476"]
[BlackElo "1570"]

1. e4 e5 2. Nf3 d6 3. Bc4 h6 4. O-O a6 5. Nc3 b5 6. Bb3 Nf6 7. d4 Nbd7 8. Bd2
Be7 9. d5 Nb6 10. a4 b4 11. a5 bxc3 12. Bxc3 Nbd7 13. Bb4 Nxe4 14. c4 Rb8 15.
Bd2 Ndc5 16. Ba4+ Nxa4 17. Qxa4+ Bd7 18. Qc2 Bf5 19. Qd1 Bg4 20. h3 Nxd2 21.
Qxd2 Bxf3 22. gxf3 Bg5 23. Qe2 Bf4 24. Rfd1 Qh4 25. Kg2 Rb4 26. Rh1 O-O 27. Kf1
Qh5 28. Rb1 Rb3 29. c5 Qxf3 30. Rg1 Qxh3+ 31. Rg2 Qd3 32. Qxd3 Rxd3 33. c6 Rxd5
34. f3 Rc5 35. b4 Rxc6 36. Rgb2 Rb8 37. b5 axb5 38. Rxb5 Rxb5 39. Rxb5 h5 40.
Rb8+ Kh7 41. Ke2 Ra6 42. Rf8 f6 43. Kd3 Rxa5 44. Ke4 h4 45. Kf5 h3 46. Ke6 h2
47. Kf7 1-0

[Event "AUTO-INT-3652"]
[Site "http://www.queenalice.com/game.php?id=1770707"]
[Date "2021.9.25"]
[Round "2"]
[White "Carlos19"]
[Black "SCORPION77"]
[Result "0-1"]
[WhiteElo "1474"]
[BlackElo "1626"]

1. e4 e5 2. Nf3 d6 3. Bc4 h6 4. h3 Nf6 5. a3 Nxe4 6. d3 Nf6 7. Nc3 Nc6 8. O-O
Qe7 9. d4 e4 10. Ne1 Bd7 11. d5 Ne5 12. Bb5 a6 13. Bxd7+ Qxd7 14. Qd4 Qf5 15. g4
Qd7 16. Bf4 Ng6 17. Be3 Nxg4 18. hxg4 Qxg4+ 19. Ng2 f5 20. Qa4+ b5 21. Qa5 Nh4
22. Qxc7 Qxg2# 0-1

[Event "AUTO-INT-3652"]
[Site "http://www.queenalice.com/game.php?id=1770708"]
[Date "2021.9.25"]
[Round "2"]
[White "SCORPION77"]
[Black "Carlos19"]
[Result "0-1"]
[WhiteElo "1630"]
[BlackElo "1466"]

1. e4 e5 2. Nf3 Bd6 3. Bc4 h6 4. d3 Nf6 5. Nc3 O-O 6. O-O c5 7. Nb5 Be7 8. Nxe5
a6 9. Nc3 b5 10. Bd5 Nxd5 11. Nxd5 d6 12. h3 Be6 13. Nxe7+ Qxe7 14. Nf3 Nc6 15.
Bf4 d5 16. exd5 Bxd5 17. Re1 Qf6 18. Be3 Qxb2 19. Bxc5 Rfe8 20. Rxe8+ Rxe8 21.
Qb1 Qc3 22. Be3 Ne5 23. Nxe5 Rxe5 24. Bf4 Rf5 25. Be3 g5 26. g4 Rf3 27. Kh2 Qe5+
28. Kg1 Rxh3 29. Kf1 Rh1+ 30. Ke2 Rxb1 31. Rxb1 Bxa2 32. Rc1 f5 33. gxf5 Qxf5
34. Rh1 Qg4+ 35. Kd2 Kg7 36. Ra1 Qb4+ 37. Ke2 Qb2 38. Rc1 Be6 39. Kd1 Qc3 40.
Bd2 Qe5 41. c4 Bg4+ 42. Kc2 bxc4 43. Bc3 Qxc3+ 44. Kb1 Qxd3+ 45. Kb2 Qb3+ 46.
Ka1 Qa3+ 47. Kb1 Bf5+ 0-1

[Event "AUTO-INT-3652"]
[Site "http://www.queenalice.com/game.php?id=1770713"]
[Date "2021.9.25"]
[Round "2"]
[White "SCORPION77"]
[Black "SamuraiJOM"]
[Result "1-0"]
[WhiteElo "1607"]
[BlackElo "1621"]

1. e4 e5 2. Nf3 Nc6 3. Bc4 h6 4. d3 d6 5. Bb5 a6 6. Ba4 Nf6 7. Bxc6+ bxc6 8. Nc3
d5 9. exd5 Nxd5 10. Bd2 Nf6 11. Nxe5 Bb7 12. Qf3 Bc5 13. Nxc6 Bxf2+ 14. Kxf2
Bxc6 15. Qg3 Nh5 16. Qe3+ Kf8 17. Qc5+ Kg8 18. Qxc6 Qf6+ 19. Qxf6 Nxf6 20. Rhe1
Kh7 21. Bf4 c6 22. Re7 Ng4+ 23. Kg3 Nf6 24. Rxf7 Nh5+ 25. Kg4 Nxf4 26. Kxf4 Kg8
27. Rc7 Rf8+ 28. Kg3 g5 29. Rxc6 a5 30. Re1 Ra8 31. Ree6 h5 32. Rg6+ Kf7 33.
Rxg5 a4 34. a3 h4+ 35. Kh3 Rag8 36. Rxg8 Rxg8 37. Rc4 Ke6 38. Rxa4 1-0

[Event "AUTO-INT-3652"]
[Site "http://www.queenalice.com/game.php?id=1770714"]
[Date "2021.9.25"]
[Round "2"]
[White "SamuraiJOM"]
[Black "SCORPION77"]
[Result "1-0"]
[WhiteElo "1676"]
[BlackElo "1641"]

1. e4 e5 2. Nf3 d6 3. Bc4 h6 4. d3 Bg4 5. h3 Bh5 6. Nbd2 a6 7. a4 Nc6 8. Bd5 Qd7
9. c3 Nf6 10. Ba2 Be7 11. Qb3 Rb8 12. g4 Bg6 13. Nh4 Bh7 14. Ndf3 Ng8 15. Qxf7+
Kd8 16. Qb3 g5 17. Nf5 Bxf5 18. exf5 1-0

[Event "AUTO-INT-3720"]
[Site "http://www.queenalice.com/game.php?id=1776047"]
[Date "2021.12.2"]
[Round "1"]
[White "jenyasm"]
[Black "SCORPION77"]
[Result "1-0"]
[WhiteElo "1635"]
[BlackElo "1607"]

1. e4 e5 2. Nf3 d6 3. Bc4 h6 4. O-O Bg4 5. h3 Bh5 6. Nc3 c6 7. Re1 Nf6 8. Be2
Nbd7 9. d4 exd4 10. Nxd4 Bxe2 11. Qxe2 Ne5 12. Nf3 a6 13. Rd1 Be7 14. b3 1-0

[Event "AUTO-INT-3720"]
[Site "http://www.queenalice.com/game.php?id=1776048"]
[Date "2021.12.2"]
[Round "1"]
[White "SCORPION77"]
[Black "jenyasm"]
[Result "0-1"]
[WhiteElo "1523"]
[BlackElo "1669"]

1. e4 e5 2. Nf3 Nc6 3. Bb5 d6 4. Bxc6+ bxc6 5. d3 c5 6. Nc3 Nf6 7. Bg5 h6 8. Bh4
Be7 9. O-O O-O 10. a3 Rb8 11. Bxf6 Bxf6 12. Nd5 Be6 13. Nxf6+ Qxf6 0-1

[Event "AUTO-INT-3720"]
[Site "http://www.queenalice.com/game.php?id=1776063"]
[Date "2021.12.2"]
[Round "1"]
[White "SCORPION77"]
[Black "crisvolei"]
[Result "0-1"]
[WhiteElo "1550"]
[BlackElo "1595"]

1. e4 e5 2. Nf3 Qf6 3. Bc4 c6 4. d3 h6 5. Nc3 Bc5 6. O-O b5 7. Bb3 a5 8. a3 b4
9. Na4 Ba7 10. Re1 Ne7 11. c3 d5 12. axb4 axb4 13. cxb4 Na6 14. h3 Nxb4 15. exd5
Nexd5 16. Nxe5 Bxf2+ 17. Kh1 Bxe1 0-1

[Event "AUTO-INT-3720"]
[Site "http://www.queenalice.com/game.php?id=1776064"]
[Date "2021.12.2"]
[Round "1"]
[White "crisvolei"]
[Black "SCORPION77"]
[Result "1-0"]
[WhiteElo "1609"]
[BlackElo "1536"]

1. e4 e5 2. Qf3 Qf6 3. Qg4 Bc5 4. Nh3 Nc6 5. Qg5 d6 6. g4 Qxg5 7. Nxg5 Nd4 8.
Bd3 h6 9. Nxf7 Kxf7 10. O-O Bxg4 11. Nc3 c6 12. a3 Nf6 13. b4 Bb6 14. Kg2 Bf3+
15. Kh3 Nh5 16. Bc4+ Ke8 17. Rg1 Nxc2 18. Ra2 Nd4 19. d3 Nf4+ 20. Kh4 1-0

[Event "AUTO-INT-3720"]
[Site "http://www.queenalice.com/game.php?id=1776065"]
[Date "2021.12.2"]
[Round "1"]
[White "SCORPION77"]
[Black "Ruusgugg"]
[Result "0-1"]
[WhiteElo "1513"]
[BlackElo "1395"]

1. e4 d5 2. exd5 Qxd5 3. Nc3 Qe6+ 4. Qe2 Qf5 5. d3 b5 6. d4 Ba6 7. Nf3 b4 8. Qe4
Qxe4+ 9. Nxe4 Bxf1 10. Rxf1 f5 11. Nc5 a5 12. Ne5 g6 13. f4 Na6 0-1

[Event "AUTO-INT-3720"]
[Site "http://www.queenalice.com/game.php?id=1776066"]
[Date "2021.12.2"]
[Round "1"]
[White "Ruusgugg"]
[Black "SCORPION77"]
[Result "1-0"]
[WhiteElo "1416"]
[BlackElo "1492"]

1. b4 e5 2. b5 b6 3. a4 d5 4. Nc3 d4 5. Ne4 Nf6 6. Nxf6+ Qxf6 7. Ba3 Bxa3 8.
Rxa3 O-O 9. Rf3 Qg6 10. e3 Bg4 11. Bd3 Qd6 12. Qc1 Bxf3 13. gxf3 Nd7 14. f4 1-0